[Event "Chigorin Memorial Open"]
[Site "St Petersburg RUS"]
[Date "2011.10.17"]
[Round "4.17"]
[White "Krylov, Mikhail"]
[Black "Burmakin, Vladimir"]
[Result "1/2-1/2"]
[WhiteTitle "IM"]
[BlackTitle "GM"]
[WhiteElo "2471"]
[BlackElo "2588"]
[WhiteFideId "4151364"]
[BlackFideId "4105109"]
[EventDate "2011.10.14"]

1. d4 c6 2. c4 d5 3. Nf3 Nf6 4. Nc3 a6 5. e3 g6 6. Be2 Bg7 7. O-O O-O 8. a4 a5
9. Bd2 e6 10. Qb1 Na6 11. Rd1 Qc7 12. e4 dxe4 13. Nxe4 c5 14. Nxf6+ Bxf6 15. d5
exd5 16. cxd5 Rd8 17. Bc3 Bf5 18. Qc1 Bg7 19. Qd2 Bxc3 20. bxc3 Qd6 21. Qb2 Nc7
22. c4 Na6 23. Bd3 Bd7 24. Ng5 f5 25. g3 h6 26. Nf3 Re8 27. Re1 Nb4 28. Bf1 Rxe1
29. Rxe1 Re8 30. Ne5 Bxa4 31. f4 Bc2 32. Re3 a4 33. Be2 Qf6 34. Qc1 Ra8 35. Ra3
g5 36. Bd1 gxf4 37. gxf4 Bxd1 38. Qxd1 Kh7 39. d6 Nc6 40. d7 Nd4 41. Qh5 Ne6 42.
Qe8 Rd8 43. Rg3 Ng7 44. Rg6 Rxe8 45. Rxf6 Rd8 46. Rb6 a3 47. Rb3 Ne6 48. Rxa3
Nxf4 49. Ra7 Ng6 1/2-1/2

[Event "Chigorin Memorial Open"]
[Site "St Petersburg RUS"]
[Date "2011.10.17"]
[Round "4.18"]
[White "Vorobiov, Evgeny E."]
[Black "Demianjuk, Alexander"]
[Result "1-0"]
[WhiteTitle "GM"]
[WhiteElo "2581"]
[BlackElo "2319"]
[WhiteFideId "4121341"]
[BlackFideId "4134249"]
[EventDate "2011.10.14"]

1. c4 Nf6 2. Nc3 e5 3. Nf3 Nc6 4. e3 Bb4 5. Qc2 O-O 6. Nd5 Bd6 7. Ng5 g6 8.
Nxf6+ Qxf6 9. Ne4 Qe6 10. Nxd6 Qxd6 11. b3 Qe7 12. Bb2 d6 13. Be2 f6 14. O-O Be6
15. Qc3 Nd8 16. f4 Nf7 17. Bf3 c5 18. d4 Rae8 19. fxe5 fxe5 20. dxc5 dxc5 21.
Rf2 Qc7 22. Raf1 Ng5 23. Bxb7 Rxf2 24. Rxf2 Bf7 25. Bf3 Nxf3+ 26. Rxf3 Qd8 27.
h3 g5 28. Rf2 g4 29. hxg4 Qd1+ 30. Rf1 Qxg4 31. Qd3 Qg5 32. Rf5 Qg3 33. Qe4 Qe1+
34. Rf1 Qg3 35. Rf3 Qg6 36. Qb7 h5 37. Qc7 Qe6 38. Bxe5 Re7 39. Rg3+ Kh7 40.
Rg7+ Kh6 41. Qd8 1-0

[Event "Chigorin Memorial Open"]
[Site "St Petersburg RUS"]
[Date "2011.10.17"]
[Round "4.19"]
[White "Mozharov, Mikhail"]
[Black "Maletin, Pavel"]
[Result "1-0"]
[WhiteTitle "IM"]
[BlackTitle "GM"]
[WhiteElo "2459"]
[BlackElo "2579"]
[WhiteFideId "4189825"]
[BlackFideId "4146786"]
[EventDate "2011.10.14"]

1. d4 Nf6 2. c4 g6 3. Nf3 Bg7 4. g3 O-O 5. Bg2 d6 6. O-O Nc6 7. Nc3 a6 8. b3 Rb8
9. Bb2 b5 10. cxb5 axb5 11. Ne1 Bd7 12. Nc2 b4 13. Nd5 Nxd5 14. Bxd5 Na5 15. Ne3
c5 16. Qd2 cxd4 17. Bxd4 Bxd4 18. Qxd4 Nc6 19. Bxc6 Bxc6 20. Rac1 Ba8 21. Rc4
Qa5 22. Qd2 Rfc8 23. Rfc1 Rxc4 24. Rxc4 Qe5 25. Qd4 Qxd4 26. Rxd4 Rb5 27. f3 Ra5
28. Rxb4 Rxa2 29. Kf2 Kf8 30. g4 Ra6 31. Rb8+ Kg7 32. b4 d5 33. b5 Ra4 34. b6 d4
35. Nc2 d3 36. exd3 Ra2 37. Rc8 Bd5 38. Kg3 Rb2 39. Ne3 Ba2 40. Rc2 1-0

[Event "Chigorin Memorial Open"]
[Site "St Petersburg RUS"]
[Date "2011.10.17"]
[Round "4.20"]
[White "Alekseenko, Kirill"]
[Black "Shomoev, Anton"]
[Result "1-0"]
[WhiteTitle "FM"]
[BlackTitle "GM"]
[WhiteElo "2303"]
[BlackElo "2577"]
[WhiteFideId "4135539"]
[BlackFideId "4135148"]
[EventDate "2011.10.14"]

1. e4 c5 2. Nf3 d6 3. d4 cxd4 4. Nxd4 Nf6 5. Nc3 a6 6. Be2 e6 7. O-O Be7 8. Be3
O-O 9. a4 Nc6 10. Kh1 Qc7 11. f4 Re8 12. Bf3 Rb8 13. Qd2 Bd7 14. Nb3 b6 15. g4
Bc8 16. g5 Nd7 17. Bg2 Bb7 18. Qf2 Na5 19. Nd4 Nc4 20. Bc1 Bf8 21. b3 Na5 22.
Bb2 Nc6 23. Nde2 Nb4 24. Qh4 g6 25. Rad1 Bg7 26. Rf3 d5 27. Rh3 Nf8 28. e5 Nc6
29. Nd4 Nxd4 30. Rxd4 Qc5 31. Qf2 Rec8 32. Rhd3 b5 33. b4 Qe7 34. axb5 axb5 35.
Nd1 Rc4 36. Qd2 Nd7 37. Ne3 Nb6 38. Nxc4 Nxc4 39. Qc1 Qxb4 40. Ba3 Qa5 41. Be7
Bc6 42. Rd1 Ra8 43. R4d3 Qa7 44. Bb4 Qb6 45. Rd4 Ra2 46. h4 Qa7 47. c3 Qa4 48.
Rf1 h5 49. gxh6 Bxh6 50. h5 Re2 51. Bf3 Rxe5 52. hxg6 fxg6 53. Qb1 Rf5 54. Qe1
e5 55. fxe5 Qc2 56. e6 Nd2 57. Qe2 Nxf3 58. Qxc2 Nxd4 59. cxd4 1-0

[Event "Chigorin Memorial Open"]
[Site "St Petersburg RUS"]
[Date "2011.10.17"]
[Round "4.21"]
[White "Bodnaruk, Anastasia"]
[Black "Shimanov, Aleksandr"]
[Result "1-0"]
[WhiteTitle "IM"]
[BlackTitle "GM"]
[WhiteElo "2417"]
[BlackElo "2565"]
[WhiteFideId "4181751"]
[BlackFideId "4198603"]
[EventDate "2011.10.14"]

1. e4 e6 2. d4 d5 3. Nc3 Nf6 4. Bg5 dxe4 5. Nxe4 Be7 6. Bxf6 gxf6 7. Nf3 a6 8.
Qd2 f5 9. Nc3 b5 10. O-O-O Bb7 11. d5 c6 12. dxe6 Qxd2+ 13. Rxd2 fxe6 14. Re2
Kf7 15. Ne5+ Kf6 16. g4 c5 17. Rg1 Bd6 18. f4 Rg8 19. g5+ Ke7 20. Bg2 Bxg2 21.
Rgxg2 Bxe5 22. Rxe5 Nd7 23. Re3 Rge8 24. Rge2 Nf8 25. Nd5+ 1-0

[Event "Chigorin Memorial Open"]
[Site "St Petersburg RUS"]
[Date "2011.10.17"]
[Round "4.22"]
[White "Khairullin, Ildar"]
[Black "Pavlov, Aleksandr"]
[Result "1-0"]
[WhiteTitle "GM"]
[WhiteElo "2642"]
[BlackElo "2303"]
[WhiteFideId "4151348"]
[BlackFideId "4119924"]
[EventDate "2011.10.14"]

1. d4 Nf6 2. c4 e6 3. Nc3 Bb4 4. Qc2 d5 5. cxd5 exd5 6. Bg5 O-O 7. e3 h6 8. Bh4
Bg4 9. a3 Be7 10. h3 Be6 11. Nf3 Nbd7 12. Be2 c6 13. Bg3 g6 14. Bd3 Kh7 15. Bf4
Rc8 16. O-O c5 17. dxc5 Nxc5 18. Be5 Nce4 19. Qe2 a6 20. Rfd1 Qb6 21. Rac1 Rfd8
22. b4 Nxc3 23. Bxc3 Qd6 24. Qb2 Nd7 25. Bd4 b5 26. Rc2 Qb8 27. Rdc1 Bd6 28. Rc6
Rxc6 29. Rxc6 Rc8 30. Rxa6 Qc7 31. Bxb5 Nb8 32. Ra5 Qc1+ 33. Qxc1 Rxc1+ 34. Bf1
Nc6 35. Ra8 Bf5 36. Rh8# 1-0

[Event "Chigorin Memorial Open"]
[Site "St Petersburg RUS"]
[Date "2011.10.17"]
[Round "4.23"]
[White "Serov, Maksim"]
[Black "Kurnosov, Igor"]
[Result "1/2-1/2"]
[BlackTitle "GM"]
[WhiteElo "2388"]
[BlackElo "2648"]
[WhiteFideId "4181905"]
[BlackFideId "4142527"]
[EventDate "2011.10.14"]

1. d4 Nf6 2. c4 g6 3. Nc3 d5 4. Bf4 Bg7 5. e3 O-O 6. Nf3 c5 7. dxc5 Qa5 8. Rc1
Be6 9. Nd4 Nc6 10. Qa4 Qxc5 11. b4 Qb6 12. c5 Qd8 13. Nxe6 fxe6 14. b5 Na5 15.
Be2 Nh5 16. Bg5 Rc8 17. Qb4 Bf6 18. h4 Ng7 19. O-O Nf5 20. Rfd1 b6 21. Na4 Bxg5
22. hxg5 Nb7 23. cxb6 axb6 24. Rxc8 Qxc8 25. Nxb6 Qc7 26. Na4 Qc2 27. Rd2 Qc1+
28. Rd1 Qc2 29. Rd2 Qc1+ 30. Rd1 Qc2 31. Rd2 Qc1+ 32. Rd1 1/2-1/2

[Event "Chigorin Memorial Open"]
[Site "St Petersburg RUS"]
[Date "2011.10.17"]
[Round "4.24"]
[White "Aleksandrov, Aleksej"]
[Black "Sychev, Klementy"]
[Result "1-0"]
[WhiteTitle "GM"]
[WhiteElo "2618"]
[BlackElo "2389"]
[WhiteFideId "13500139"]
[BlackFideId "4114060"]
[EventDate "2011.10.14"]

1. d4 Nf6 2. c4 g6 3. Nc3 d5 4. e3 Bg7 5. Qb3 e6 6. Qa3 Nc6 7. Nf3 Ne7 8. Be2
O-O 9. O-O b6 10. b4 Bb7 11. Bb2 dxc4 12. Bxc4 Ned5 13. Ne2 Ne4 14. Qb3 a5 15.
a3 h5 16. Bd3 Ndf6 17. b5 g5 18. Qc2 Qd5 19. Ne1 Qd7 20. a4 Nd6 21. Nf3 Bxf3 22.
gxf3 Nd5 23. Rac1 Nb4 24. Qb1 Nxd3 25. Qxd3 Nf5 26. Qe4 Nh4 27. Kh1 Qd5 28. Qxd5
exd5 29. f4 Nf3 30. fxg5 Nd2 31. Rg1 Ne4 32. Rg2 Rac8 33. Nf4 Rfd8 34. f3 Nd6
35. Nxd5 Re8 36. e4 Kh7 37. Rgc2 1-0

[Event "Chigorin Memorial Open"]
[Site "St Petersburg RUS"]
[Date "2011.10.17"]
[Round "4.25"]
[White "Sakaev, Konstantin"]
[Black "Yuffa, Daniil"]
[Result "1/2-1/2"]
[WhiteTitle "GM"]
[BlackTitle "FM"]
[WhiteElo "2609"]
[BlackElo "2378"]
[WhiteFideId "4104226"]
[BlackFideId "24131423"]
[EventDate "2011.10.14"]

1. d4 Nf6 2. c4 g6 3. Nc3 Bg7 4. e4 d6 5. Nge2 O-O 6. Ng3 Nbd7 7. Be2 a6 8. O-O
c5 9. d5 b5 10. cxb5 axb5 11. Nxb5 Ba6 12. a4 Ne8 13. Qc2 Nc7 14. Bd2 Bxb5 15.
axb5 Qb8 16. Rxa8 Qxa8 17. b4 Bd4 18. bxc5 Bxc5 19. Rb1 Qa7 20. Be1 Ra8 21. Nf1
e6 22. Nd2 exd5 23. exd5 Re8 24. Ne4 Nxd5 25. Bf3 Ne5 26. Rd1 Nxf3+ 27. gxf3 Qa3
28. Rd3 Qa1 29. Rd1 Qa3 30. Rd3 Qa1 31. Rxd5 Qxe1+ 32. Kg2 Ra8 33. Nxd6 Bxd6 34.
Rxd6 Qe5 35. Qe4 Qg5+ 36. Kh3 Qh5+ 37. Kg2 Qg5+ 38. Kh3 Qh5+ 39. Kg2 Qg5+ 1/2-1/2

[Event "Chigorin Memorial Open"]
[Site "St Petersburg RUS"]
[Date "2011.10.17"]
[Round "4.30"]
[White "Yakovich, Yuri"]
[Black "Frolochkin, Vladimir"]
[Result "1-0"]
[WhiteTitle "GM"]
[WhiteElo "2549"]
[BlackElo "2331"]
[WhiteFideId "4100654"]
[BlackFideId "4181050"]
[EventDate "2011.10.14"]

1. d4 d5 2. c4 e6 3. Nc3 Bb4 4. e3 Nf6 5. a3 Bxc3+ 6. bxc3 c5 7. cxd5 exd5 8.
Bd3 O-O 9. Ne2 b6 10. O-O Ba6 11. f3 Re8 12. Ng3 Bxd3 13. Qxd3 Nc6 14. Bb2 c4
15. Qd2 b5 16. Rae1 a5 17. e4 Qb6 18. Kh1 b4 19. e5 Nd7 20. f4 bxc3 21. Bxc3 Qb3
22. Ra1 Rab8 23. f5 f6 24. Nh5 fxe5 25. dxe5 Ndxe5 26. Qg5 Qb7 27. Nf6+ Kh8 28.
Nxe8 Rxe8 29. Rae1 d4 30. Bxd4 h6 31. Qh5 Qb8 32. Bc3 Kh7 33. f6 Ng6 34. fxg7
Rxe1 35. Rxe1 Nce7 36. Qxa5 Qb7 37. Qb4 Qc7 38. Qb5 1-0

[Event "Chigorin Memorial Open"]
[Site "St Petersburg RUS"]
[Date "2011.10.17"]
[Round "4.31"]
[White "Shchukin, Dmitry"]
[Black "Popov, Valerij"]
[Result "0-1"]
[WhiteTitle "IM"]
[BlackTitle "GM"]
[WhiteElo "2344"]
[BlackElo "2545"]
[WhiteFideId "4121724"]
[BlackFideId "4119410"]
[EventDate "2011.10.14"]

1. e4 c5 2. Nf3 d6 3. d4 cxd4 4. Nxd4 Nf6 5. Nc3 a6 6. Bc4 e6 7. a3 b5 8. Ba2
Bb7 9. O-O Nbd7 10. f4 Be7 11. Qf3 O-O 12. f5 e5 13. Nde2 a5 14. Bg5 Qb6+ 15.
Be3 Qa6 16. Rfd1 Rfc8 17. Rd3 Bc6 18. a4 b4 19. Nd5 Bxd5 20. exd5 h6 21. Ng3 Bd8
22. Ne4 Nxe4 23. Qxe4 Bb6 24. Re1 Bxe3+ 25. Rdxe3 Qb6 26. Kh1 Nc5 27. Qg4 Qd8
28. Bc4 Qf6 29. b3 Ra7 30. Rf1 Rac7 31. h4 Nxa4 32. Ba6 Ra8 33. Bb5 Rc3 34. Rxc3
Nxc3 35. Bc6 Ra7 36. g3 e4 37. Qf4 Re7 38. Re1 Re5 39. Bd7 e3 40. Rxe3 Nxd5 41.
Rxe5 Nxf4 42. Re8+ Kh7 43. gxf4 Qxh4+ 44. Kg2 Qxf4 45. Bb5 Qg4+ 46. Kh2 h5 47.
Be2 Qf4+ 48. Kg2 Qd2 49. Kg3 Qxc2 50. Kf4 Qxb3 51. Bxh5 a4 52. Re3 Qc4+ 53. Re4
Qc1+ 0-1

[Event "Chigorin Memorial Open"]
[Site "St Petersburg RUS"]
[Date "2011.10.17"]
[Round "4.33"]
[White "Dimukhametov, Artur"]
[Black "Gabrielian, Artur"]
[Result "0-1"]
[WhiteTitle "FM"]
[BlackTitle "GM"]
[WhiteElo "2337"]
[BlackElo "2531"]
[WhiteFideId "4195680"]
[BlackFideId "4131002"]
[EventDate "2011.10.14"]

1. d4 Nf6 2. c4 c5 3. d5 e6 4. Nc3 exd5 5. cxd5 d6 6. Nf3 g6 7. h3 a6 8. a4 Qe7
9. Bg5 h6 10. Bxf6 Qxf6 11. e4 Nd7 12. Be2 Bg7 13. O-O O-O 14. a5 Re8 15. Nd2
Rb8 16. Nc4 Ne5 17. Ne3 Qh4 18. Qa4 Kf8 19. Qb3 h5 20. Qb6 Bxh3 21. gxh3 Qxh3
22. Rfe1 Kg8 23. Qxd6 Nf3+ 24. Bxf3 Be5 25. Qxb8 Rxb8 26. Bg2 Qh4 27. Rad1 Rf8
28. Nc4 Bd4 29. Rf1 f5 30. Ne2 Bg7 31. d6 fxe4 32. d7 Rd8 33. Ng3 Bd4 34. Nb6 e3
35. Bd5+ Kg7 36. Kg2 exf2 37. Rxd4 Qxd4 38. Rxf2 Rxd7 39. Bf3 Rf7 40. Re2 h4 41.
Ne4 h3+ 42. Kg3 Qg1+ 0-1

[Event "Chigorin Memorial Open"]
[Site "St Petersburg RUS"]
[Date "2011.10.17"]
[Round "4.34"]
[White "Neverov, Valeriy"]
[Black "Solovyov, Viktor"]
[Result "1-0"]
[WhiteTitle "GM"]
[WhiteElo "2508"]
[BlackElo "2312"]
[WhiteFideId "14100150"]
[BlackFideId "4102754"]
[EventDate "2011.10.14"]

1. c4 Nf6 2. Nf3 e6 3. g3 d5 4. b3 d4 5. Bg2 Nc6 6. O-O Be7 7. e3 O-O 8. exd4
Nxd4 9. Bb2 Nxf3+ 10. Bxf3 Rb8 11. Nc3 Qd3 12. Re1 Rd8 13. Ne4 Nxe4 14. Bxe4
Qxd2 15. Qh5 Qh6 16. Qa5 Qg5 17. Be5 Bd6 18. h4 Qe7 19. Qxa7 Bxe5 20. Qxb8 Bxa1
21. Rxa1 b6 22. Bf3 g6 23. Rd1 Kg7 24. Rxd8 Qxd8 25. b4 Qd7 26. a4 e5 27. b5 Kf6
28. Bc6 Qd8 29. c5 bxc5 30. a5 c4 31. a6 c3 32. Be4 Qd1+ 33. Kg2 Qe2 34. Qa8 Bd7
35. a7 Bxb5 36. Qh8+ Ke6 37. a8=Q Qf1+ 38. Kh2 Qxf2+ 39. Bg2 1-0

[Event "Chigorin Memorial Open"]
[Site "St Petersburg RUS"]
[Date "2011.10.17"]
[Round "4.35"]
[White "Charochkina, Daria"]
[Black "Belous, Vladimir"]
[Result "0-1"]
[WhiteTitle "WIM"]
[WhiteElo "2332"]
[BlackElo "2504"]
[WhiteFideId "4180917"]
[BlackFideId "4174003"]
[EventDate "2011.10.14"]

1. e4 c5 2. Nf3 e6 3. d4 cxd4 4. Nxd4 a6 5. Bd3 Bc5 6. c3 Ne7 7. O-O O-O 8. Qe2
d6 9. Be3 Nd7 10. Nd2 Ne5 11. Bc2 N5g6 12. a4 Bd7 13. Nc4 Qc7 14. Bd3 d5 15. Nd2
Rac8 16. exd5 Nxd5 17. Ne4 Bb6 18. Ng5 Nxe3 19. fxe3 Qe5 20. h4 Bc7 21. Ndf3 Qg3
22. Ne4 Qg4 23. Nf2 Qh5 24. g4 Qc5 25. Ne4 Qe7 26. h5 Ne5 27. Nxe5 Bxe5 28. g5
f5 29. gxf6 gxf6 30. Rf2 Kh8 31. Nd2 Rg8+ 32. Kf1 f5 33. Nf3 Bg3 34. Rg2 e5 35.
Bc4 Rg7 36. Rd1 Bxa4 37. b3 Be8 38. h6 Rg6 39. Qd3 Bc6 40. Bd5 Rd8 41. e4 f4 42.
c4 Rxh6 43. Qc3 Rh5 44. Ke2 Be8 45. Qa5 Bg6 46. Rgg1 Kg7 47. Qb6 Rxd5 48. exd5
e4 49. Qe6 exf3+ 50. Kxf3 Qxe6 51. dxe6 Re5 52. Rd7+ Kf6 53. Kg2 Re2+ 54. Kf1
Re1+ 55. Kg2 Be4+ 0-1

[Event "Chigorin Memorial Open"]
[Site "St Petersburg RUS"]
[Date "2011.10.17"]
[Round "4.36"]
[White "Goganov, Aleksey"]
[Black "Duzhakov, Ilya"]
[Result "0-1"]
[WhiteTitle "IM"]
[BlackTitle "FM"]
[WhiteElo "2500"]
[BlackElo "2325"]
[WhiteFideId "24109959"]
[BlackFideId "4192516"]
[EventDate "2011.10.14"]

1. c4 g6 2. Nc3 Bg7 3. Nf3 e5 4. d4 exd4 5. Nxd4 Nf6 6. g3 d5 7. cxd5 Nxd5 8.
Ndb5 Nxc3 9. Qxd8+ Kxd8 10. Nxc3 c6 11. Bg5+ f6 12. O-O-O+ Ke7 13. Bf4 Be6 14.
e4 Rd8 15. Rxd8 Kxd8 16. Be2 Nd7 17. Rd1 Ke8 18. Bd6 Bf8 19. Bxf8 Kxf8 20. f4
Ke7 21. Kc2 a5 22. Rd4 b5 23. Bf3 Rb8 24. b4 c5 25. bxc5 Nxc5 26. Nd5+ Kf7 27.
e5 fxe5 28. fxe5 Rd8 29. g4 Na4 30. a3 g5 31. Rd3 Rc8+ 32. Kd2 Nb2 33. Rb3 Nc4+
34. Ke2 Rc5 35. Ne3 Rxe5 36. Kf2 Nd2 37. Rc3 b4 38. axb4 axb4 39. Rc7+ Kg6 40.
Be2 Ne4+ 41. Kf3 Nd2+ 42. Kf2 Ne4+ 43. Kf3 Nc5 44. Bc4 b3 45. Bxe6 Nxe6 46. Rc6
b2 47. Rb6 Rb5 0-1

[Event "Chigorin Memorial Open"]
[Site "St Petersburg RUS"]
[Date "2011.10.17"]
[Round "4.38"]
[White "Rozum, Ivan"]
[Black "Pasiev, Rakhim"]
[Result "1/2-1/2"]
[WhiteTitle "IM"]
[BlackTitle "FM"]
[WhiteElo "2481"]
[BlackElo "2306"]
[WhiteFideId "24104272"]
[BlackFideId "24122475"]
[EventDate "2011.10.14"]

1. d4 e6 2. c4 b6 3. a3 Bb7 4. Nc3 Nf6 5. d5 exd5 6. cxd5 g6 7. Nf3 d6 8. e4 Bg7
9. Bb5+ Nbd7 10. Nd4 O-O 11. O-O a6 12. Bc6 Bxc6 13. Nxc6 Qc8 14. Re1 Ne5 15.
Nd4 Nfd7 16. f4 Nc4 17. b3 Na5 18. Be3 Qd8 19. Bf2 Re8 20. b4 Nc4 21. a4 Qf6 22.
Qd3 b5 23. axb5 axb5 24. Ncxb5 Rxa1 25. Rxa1 Ndb6 26. g3 Qe7 27. Nc3 Qd7 28. Ra7
h5 29. Ndb5 Rc8 30. h4 Qg4 31. Kg2 Qd7 32. Nd4 Qe8 33. Ncb5 Bxd4 34. Nxd4 Ra8
35. Rxa8 Qxa8 36. Nb5 Qa4 37. Nxc7 Qxb4 38. Qd4 Qa4 39. Qf6 Ne3+ 40. Bxe3 Qxe4+
41. Kf2 Qc2+ 42. Kf3 Qd1+ 43. Kg2 Qc2+ 44. Kh3 Qe4 45. Kh2 1/2-1/2

[Event "Chigorin Memorial Open"]
[Site "St Petersburg RUS"]
[Date "2011.10.17"]
[Round "4.39"]
[White "Vladimirov, Ivan"]
[Black "Kalegin, Evgenij"]
[Result "0-1"]
[WhiteTitle "FM"]
[BlackTitle "IM"]
[WhiteElo "2310"]
[BlackElo "2467"]
[WhiteFideId "24105821"]
[BlackFideId "4103416"]
[EventDate "2011.10.14"]

1. e4 c5 2. Nc3 a6 3. a4 Nc6 4. g3 g6 5. Bg2 Bg7 6. f4 d6 7. Nf3 e6 8. O-O Nge7
9. g4 f5 10. gxf5 exf5 11. d3 O-O 12. Be3 Nd4 13. Qd2 Rb8 14. Rae1 Bd7 15. Bf2
Nec6 16. exf5 Nxf3+ 17. Bxf3 Bxf5 18. Ne4 Bh3 19. Bg2 Bxg2 20. Kxg2 Qd7 21. c3
h6 22. Bg3 Ne7 23. Qd1 b5 24. axb5 Rxb5 25. Rf2 Nf5 26. Qa4 Qb7 27. Ree2 d5 28.
c4 dxe4 29. cxb5 exd3+ 30. Qe4 dxe2 31. Qxb7 e1=Q 32. bxa6 Ne3+ 33. Kh3 Qd1 34.
Rf3 Qd3 35. f5 g5 36. f6 Bxf6 37. Rxe3 Qxe3 38. Qd5+ Kg7 39. a7 Qe2 40. Bd6 Qf1+
41. Kg4 h5+ 42. Kg3 Qg1+ 0-1

[Event "Chigorin Memorial Open"]
[Site "St Petersburg RUS"]
[Date "2011.10.17"]
[Round "4.41"]
[White "Donskov, Anatoly"]
[Black "Kovalev, Vladislav"]
[Result "1/2-1/2"]
[BlackTitle "FM"]
[WhiteElo "2286"]
[BlackElo "2452"]
[WhiteFideId "24143413"]
[BlackFideId "13504398"]
[EventDate "2011.10.14"]

1. e4 e5 2. Nf3 Nc6 3. Bb5 a6 4. Ba4 Nf6 5. O-O Be7 6. Re1 b5 7. Bb3 d6 8. c3
O-O 9. h3 Na5 10. Bc2 c5 11. d4 Nd7 12. Nbd2 cxd4 13. cxd4 Nc6 14. Nf1 exd4 15.
Nxd4 Nxd4 16. Qxd4 Ne5 17. Qd1 Bf6 18. Ne3 Be6 19. Nd5 Bxd5 20. Qxd5 Nc4 21. Bb3
Rc8 22. Rb1 Rc5 23. Qd1 d5 24. exd5 Qxd5 25. Be3 Qxd1 26. Rbxd1 Nxe3 27. Rxe3
Bxb2 28. Rd7 Rf5 29. g4 Rf4 30. Kg2 Bd4 31. Rf3 Rxf3 32. Kxf3 Bc5 33. Rc7 Bd4
34. Rd7 Bc5 35. Rc7 Bd4 36. Rd7 Bc5 37. Rc7 Bd4 38. Rd7 Bc5 39. Rc7 Bd4 40. Rd7
Bc5 1/2-1/2

[Event "Chigorin Memorial Open"]
[Site "St Petersburg RUS"]
[Date "2011.10.17"]
[Round "4.43"]
[White "Malakhov, Igor"]
[Black "Chigaev, Maksim"]
[Result "1/2-1/2"]
[WhiteTitle "FM"]
[WhiteElo "2428"]
[BlackElo "2289"]
[WhiteFideId "4183088"]
[BlackFideId "4108116"]
[EventDate "2011.10.14"]

1. e4 e6 2. Nf3 c5 3. d4 cxd4 4. Nxd4 a6 5. Nc3 Qc7 6. Bd3 Nf6 7. O-O d6 8. Kh1
Be7 9. f4 Nbd7 10. Qf3 O-O 11. Bd2 b5 12. Rae1 Bb7 13. Qh3 b4 14. e5 bxc3 15.
exf6 Nxf6 16. Bxc3 Bd5 17. Nf5 exf5 18. Bxf6 Bxf6 19. Qxf5 g6 20. Qxf6 Rfe8 21.
Rd1 Be4 22. f5 Bxd3 23. Rxd3 Qe7 24. Qxe7 Rxe7 25. fxg6 hxg6 26. Rfd1 Rc8 27. c3
Rb8 28. b3 Re2 29. R3d2 Re3 30. c4 a5 31. Rxd6 a4 32. bxa4 Rb2 33. R6d4 Ree2 34.
Rg4 Rxa2 35. h4 Rxa4 36. h5 Ra6 37. hxg6 fxg6 38. Rd7 Rc6 39. Rgd4 Rc2 40. Ra7
Rc8 41. Rdd7 R2xc4 42. Rg7+ Kh8 43. Rh7+ Kg8 44. Rag7+ Kf8 45. Rxg6 R4c7 46.
Rhh6 Kf7 47. Rd6 Kg7 48. Rhg6+ Kh8 49. Kg1 Rg7 50. Rh6+ Kg8 51. Rd2 Rc1+ 52. Kf2
Rf7+ 53. Kg3 Rc3+ 54. Kg4 Rg7+ 55. Kf5 Rc5+ 56. Kf4 Rc4+ 57. Kf5 Rc5+ 58. Ke4
Rc4+ 59. Ke3 Rcg4 60. Rh2 Rf7 61. Rd8+ Rf8 62. Rd6 Rg3+ 63. Ke2 Rg7 64. Re6 Ra8
65. Re4 Ra2+ 66. Ke3 Rgxg2 67. Rxg2+ 1/2-1/2

[Event "Chigorin Memorial Open"]
[Site "St Petersburg RUS"]
[Date "2011.10.17"]
[Round "4.44"]
[White "Bellia, Fabrizio"]
[Black "Korchmar, Vasiliy"]
[Result "1-0"]
[WhiteTitle "IM"]
[WhiteElo "2420"]
[BlackElo "2253"]
[WhiteFideId "800511"]
[BlackFideId "24131750"]
[EventDate "2011.10.14"]

1. e4 c5 2. Nf3 d6 3. d4 cxd4 4. Nxd4 Nf6 5. Nc3 a6 6. Be2 e5 7. Nb3 Be7 8. O-O
Be6 9. Bf3 O-O 10. a4 Nbd7 11. Re1 Rc8 12. Nd2 g6 13. a5 Kg7 14. Nd5 Nxd5 15.
exd5 Bf5 16. c4 Nc5 17. Be2 Bg5 18. Ra3 Ne4 19. Nxe4 Bxe4 20. Bxg5 Qxg5 21. Bf1
Bf5 22. Rb3 Rc7 23. Rb6 Rd8 24. Re3 Qh4 25. Qb3 Rdd7 26. Qb4 Qd8 27. g3 h5 28.
Be2 Qf6 29. Bd1 Bh3 30. Ba4 Re7 31. c5 Qf5 32. c6 bxc6 33. Bxc6 Qb1+ 34. Re1 Qd3
35. Qc3 Qf5 36. Rxa6 Bg4 37. Ra8 Bf3 38. Qb3 e4 39. Qb8 Kf6 40. Qh8+ Kg5 41. h4+
Kg4 42. Qd4 Kh3 43. Qe3 f6 44. Rg8 Rg7 45. Rxg7 Rxg7 46. Bb5 Bg2 47. Bf1 Bxf1
48. Kxf1 Rb7 49. Qxe4 Qxe4 50. Rxe4 Rxb2 51. Ra4 g5 52. a6 Rb8 53. a7 Ra8 54.
Ke2 Kg2 55. Ra2 gxh4 56. gxh4 Kh3 57. Ra4 Kg2 58. Ke3 Kh3 59. Kf3 f5 60. Ra3 f4
61. Kxf4+ Kxh4 62. Kf5 1-0

[Event "Chigorin Memorial Open"]
[Site "St Petersburg RUS"]
[Date "2011.10.17"]
[Round "4.45"]
[White "Voronenkov, Sergey"]
[Black "Mikheev, Stanislav"]
[Result "0-1"]
[BlackTitle "IM"]
[WhiteElo "2048"]
[BlackElo "2271"]
[WhiteFideId "24129674"]
[BlackFideId "4135920"]
[EventDate "2011.10.14"]

1. e4 e5 2. Nf3 Nc6 3. Bb5 Nf6 4. O-O Nxe4 5. d4 Nd6 6. Bxc6 dxc6 7. dxe5 Nf5 8.
Qxd8+ Kxd8 9. Nc3 Bd7 10. Rd1 Kc8 11. h3 h5 12. Ne2 Be7 13. b3 a5 14. a4 b5 15.
Bb2 Rh6 16. Rd3 g5 17. Rad1 Be8 18. Bc1 Re6 19. g4 hxg4 20. hxg4 Nh4 21. Nxh4
gxh4 22. f4 bxa4 23. bxa4 c5 24. Nc3 c4 25. Rh3 Rb8 26. g5 Bb4 27. Kh2 Bd7 28.
Re3 Re8 29. Rf1 Bf5 30. Ne4 Rd8 31. c3 Be7 32. Ree1 Rb1 33. Nf6 Rd3 34. Ng8 Bc5
35. Nh6 Rxc1 36. Nxf5 Rc2+ 0-1

[Event "Chigorin Memorial Open"]
[Site "St Petersburg RUS"]
[Date "2011.10.17"]
[Round "4.46"]
[White "Tokabayev, A"]
[Black "Polonovsky, Evgeny"]
[Result "0-1"]
[WhiteElo "1950"]
[BlackElo "2172"]
[WhiteFideId "13705210"]
[BlackFideId "4144813"]
[EventDate "2011.10.14"]

1. d4 Nf6 2. c4 e6 3. Nf3 b6 4. g3 Ba6 5. Qa4 c6 6. Bg2 b5 7. cxb5 Bxb5 8. Qc2
Bb4+ 9. Bd2 Bxd2+ 10. Nbxd2 O-O 11. Nc4 d5 12. Nce5 Qb6 13. O-O Rc8 14. Rfc1 a5
15. Ng5 Ra7 16. e3 h6 17. Nexf7 Rxf7 18. Nxe6 Re8 19. Bh3 Ne4 20. f3 Rxf3 21.
Qe2 Bxe2 0-1